Loreto College Library, Kolkata
WEBOPAC (ONLINE PUBLIC ACCESS CATALOGUE)

Perspectives on economic development and social change (Record no. 36067)

MARC details
000 -LEADER
fixed length control field 00693nam a2200229Ia 4500
005 - DATE AND TIME OF LATEST TRANSACTION
control field 20230426113609.0
008 - FIXED-LENGTH DATA ELEMENTS--GENERAL INFORMATION
fixed length control field 131103s9999 xx 000 0 und d
020 ## - ISBN | অাই এস বি এন
ISBN | অাই এস বি এন 813160246X
PRICE Rs 875
040 ## - CATALOGING SOURCE
Original cataloging agency Loreto College
041 ## - LANGUAGE CODE
Language code English
082 ## - DDC | ডিউই
Classification number | বর্গসংখ্যা 338.954
Book Number | গ্রন্থাঙ্ক RAO
245 ## - TITLE STATEMENT | অাখ্যা বিবরণী
Title | অাখ্যা Perspectives on economic development and social change
Sub title | উপঅাখ্যা Essays in honour of Professor K.S. Chalam
Statement of responsibility | লেখকের দায়িত্বের বিবরণ Edited by Yagati Chinna Rao
300 ## - PHYSICAL DESCRIPTION |
Page / Vol. No | পৃষ্ঠা / খন্ড সংখ্যা xiv,356p
Other physical details | অনান্য বাহ্যিক বিবরণ tables
504 ## - BIBLIOGRAPHY, ETC. NOTE
Bibliography, etc Includes bibliographical references
630 ## - SUBJECT ADDED ENTRY--UNIFORM TITLE
Uniform title Economic Development
630 ## - SUBJECT ADDED ENTRY--UNIFORM TITLE
Uniform title Social Changes
650 ## - SUBJECT ADDED ENTRY--TOPICAL TERM | বিষয় শিরোনাম - মূল বিষয়
Topical term | মূল বিষয় Society-Changes
651 ## - SUBJECT ADDED ENTRY--GEOGRAPHIC NAME | বিষয় শিরোনাম - ভৌগলিক নাম
Geographic name | ভৌগলিক বিষয় Economics
700 ## - ADDED ENTRY--PERSONAL NAME | অতিরিক্ত সংলেখ - ব্
Personal name | ব্যাক্তিনাম Rao, Yagati Chinna, ed
850 ## - HOLDING INSTITUTION
Holding institution LCLIB
942 ## - ADDED ENTRY ELEMENTS (KOHA)
Koha item type Books
Holdings
Withdrawn status Lost status Source of classification Damaged status Not for loan Home library Current library Date acquired Total Checkouts Full call number Accession No. Date last seen Price effective from Koha item type Coded location qualifier
    Dewey Decimal Classification     Loreto College Loreto College 04/11/2013   338.954 RAO 47358 B38964 04/11/2013 04/11/2013 Books